| 000 | 00441cam a2200133 4500 | ||
|---|---|---|---|
| 001 | FRBNF376693740000005 | ||
| 003 | http://catalogue.bnf.fr/ark:/12148/cb376693745 | ||
| 005 | 20250213165820.0 | ||
| 008 | 250213b |||||||| |||| 00| 0 eng d | ||
| 100 | _a19960323d1995 m y0frey50 ba | ||
| 245 |
_aChristianity in Africa: _bThe renewal of non-western religion |
||
| 700 |
_313065033 _aBediako _bKwame _f1945-2008 _4070 |
||
| 942 |
_2lcc _cBK _n0 |
||
| 999 |
_c3841 _d3841 |
||